| 000 | 00886cam a22003011a 4500 | ||
|---|---|---|---|
| 001 | 26260 | ||
| 003 | BD-RjUL | ||
| 005 | 20211209051006.0 | ||
| 008 | 140320r19731970mdube b 001 0 eng | ||
| 035 | _a(BD-RjUL)26330 | ||
| 035 | _a2052976 | ||
| 040 |
_aLC _beng _cLC _dXNTU _dBD-RjUL |
||
| 041 | _aeng | ||
| 082 | 0 | 4 |
_a954 _220 _bSPH V-2 1973 |
| 100 | 1 |
_aSpear, Percival _979874 |
|
| 245 | 1 | 2 |
_aA history of India / _cPercival Spear _nVolume Two |
| 260 |
_aHarmondsworth : _bPenguin Books, _c1970 [reprinted 1973] |
||
| 300 |
_a292 p. : _bmaps, plans ; _c19 cm. |
||
| 500 | _aVol. 2 pub. in 1965. | ||
| 500 | _aVol. 2 by Percival Spear. | ||
| 504 | _aIncludes bibliography and index. | ||
| 651 | 0 |
_aIndia _xHistory. _980741 |
|
| 700 | 1 |
_aSpear, Percival. _979874 |
|
| 942 |
_2ddc _cBK |
||
| 999 |
_c26260 _d26260 |
||